Statistics for NFL players favorite team

Click here to take the quiz!

General Stats

  • This quiz has been taken 12 times
  • The average score is 9 of 40

Answer Stats

QuestionAnswer% Correct
Tom Brady is a fan of the...49ers
64%
Cam Newton is a fan of the...Falcons
64%
Aaron Rodgers is a fan of the...49ers
45%
Patrick Mahomes is a fan of the...Cowboys
45%
Dalvin Cook is a fan of the...Dolphins
45%
Josh Allen is a fan of the...49ers
36%
Jared Goff is a fan of the...49ers
36%
Tua Tagovailoa is a fan of the...Cowboys
36%
Marcus Mariota is a fan of the...Cowboys
36%
Todd Gurley is a fan of the...Ravens
36%
Adam Thielen is a fan of the...Vikings
36%
Matthew Stafford is a fan of the...Colts
27%
Aaron Jones is a fan of the...Cowboys
27%
Ryan Tannehill is a fan of the...Cowboys
27%
Le'Veon Bell is a fan of the...Jets
27%
Penei Sewell is a fan of the...Lions
27%
Zach Wilson is a fan of the...Packers
27%
Allen Robinson is a fan of the...Vikings
27%
Brandon Aiyuk is a fan of the...49ers
18%
Deshaun Watson is a fan of the...Cardinals
18%
Drew Lock is a fan of the...Chiefs
18%
Marquise Brown is a fan of the...Eagles
18%
Chase Young is a fan of the...Eagles
18%
Trevor Lawrence is a fan of the...Falcons
18%
Brian Burns is a fan of the...Panthers
18%
Mac Jones is a fan of the...Patriots
18%
Najee Harris is a fan of the...Raiders
18%
Ezekiel Elliott is a fan of the...Rams
18%
George Kittle is a fan of the...Bears
9%
Rob Gronkowski is a fan of the...Bills
9%
Damien Harris is a fan of the...Colts
9%
Jonathan Allen is a fan of the...Football Team
9%
Jamal Adams is a fan of the...Giants
9%
Quenton Nelson is a fan of the...Giants
9%
Miles Sanders is a fan of the...Steelers
9%
Russell Wilson is a fan of the...49ers
0%
Jameis Winston is a fan of the...Eagles
0%
Byron Jones is a fan of the...Giants
0%
Saquon Barkley is a fan of the...Jets
0%
Daniel Jones is a fan of the...Panthers
0%

Score Distribution

Percentile by Number Answered

Percent of People with Each Score

Your Score History

You have not taken this quiz